000 01568nam a2200409 i 4500
001 58326
003 FINmELB
005 20241216233012.0
006 m o d |
007 cr cnu||||||||
008 240401s2023 sp a o 000 j spa d
020 _z9788433031266
035 _a(OCoLC)1430997880
040 _aFINmELB
_bspa
_erda
_cFINmELB
050 4 _aPR6070.H6563
_bH676 2023
080 _a821.134.2-32"19"
080 _a159.923.2(0:82)
082 0 4 _a813.6
_223
100 1 _aHorno Goicoechea, Pepa,
_d1973-
_eautor.
245 1 0 _aMetáforas para la consciencia /
_cPepa Horno Goicoechea ; ilustraciones de Zaida Escobar.
250 _aSegunda edición.
264 1 _aBilbao :
_bDesclée De Brouwer,
_c2023.
300 _a1 recurso en línea :
_bilustraciones (color)
336 _atexto
_btxt
_2rdacontent/spa
337 _acomputadora
_bc
_2rdamedia/spa
338 _arecurso en línea
_bcr
_2rdacarrier/spa
490 1 _aA los cuatro vientos ;
_v96
588 _aDescripción basada en metadatos suministrados por el editor y otras fuentes.
590 _aRecurso electrónico. Santa Fe, Arg.: elibro, 2024. Disponible vía World Wide Web. El acceso puede estar limitado para las bibliotecas afiliadas a elibro.
650 4 _aConocimiento de sí mismo
_vNovelas.
655 4 _aLibros electrónicos.
655 4 _aPublicaciones de autoayuda.
700 1 _aEscobar Morales, Zaida,
_eilustrador.
797 2 _aelibro, Corp.
830 0 _aA los cuatro vientos ;
_v96.
856 4 0 _uhttps://elibro.net/ereader/politecnicointernacional/254845
999 _c58326
_d58326